| 000 | 00000nam##2200000za#4500 |
| 001 | 9.681374 |
| 003 | CaOODSP |
| 005 | 20210615132422 |
| 007 | ta |
| 008 | 150407|2001||||xxc||||| f|0| 0 fre|d |
| 020 | |a0-662-85434-9 |
| 040 | |aCaOODSP|bfre |
| 043 | |an-cn--- |
| 086 | 1 |aR2-117/2001F |
| 110 | 1 |aCanada.|bAffaires indiennes et du Nord. |
| 245 | 10|aLes déplacements dans les Territoires du Nord-Ouest et au Nunavut |
| 260 | |aOttawa - Ontario : |bAffaires indiennes et du Nord |c2000. |
| 300 | |a4p. : |bfigures ; |c28 cm. |
| 563 | |aDépliant |
| 590 | |a03-09|b2003-02-28 |
| 775 | 08|tTravel in the Northwest Territories and Nunavut |w(CaOODSP)9.647989 |
| 776 | 0#|tLes déplacements dans les Territoires du Nord-Ouest et au Nunavut |w(CaOODSP)9.641880 |